Tuyển tập ca khúc về Mẹ : Mẹ tôi
Sách gồm 37 bài hát về chủ đề "Mẹ". Đây là những bài hát khá nổi tiếng và đã đi vào lòng người của nhiều nhạc sĩ viết.
Gardado en:
| Formato: | Libro |
|---|---|
| Idioma: | Undetermined |
| Publicado: |
Hà Nội
Thời đại
2013
|
| Những chủ đề: | |
| Các nhãn: |
Engadir etiqueta
Sen Etiquetas, Sexa o primeiro en etiquetar este rexistro!
|
| Thư viện lưu trữ: | Trung tâm Học liệu Trường Đại học Cần Thơ |
|---|
| LEADER | 00783nam a2200205Ia 4500 | ||
|---|---|---|---|
| 001 | CTU_147041 | ||
| 008 | 210402s9999 xx 000 0 und d | ||
| 020 | |c 42000 | ||
| 082 | |a 782.42 | ||
| 082 | |b T527 | ||
| 245 | 0 | |a Tuyển tập ca khúc về Mẹ : | |
| 245 | 0 | |b Mẹ tôi | |
| 245 | 0 | |c Nhiều tác giả ; Bút Việt tuyển chọn | |
| 260 | |a Hà Nội | ||
| 260 | |b Thời đại | ||
| 260 | |c 2013 | ||
| 520 | |a Sách gồm 37 bài hát về chủ đề "Mẹ". Đây là những bài hát khá nổi tiếng và đã đi vào lòng người của nhiều nhạc sĩ viết. | ||
| 650 | |a Songs, vietnamese,Bài hát Việt Nam | ||
| 904 | |i Hải | ||
| 980 | |a Trung tâm Học liệu Trường Đại học Cần Thơ | ||